[Event "Wch Seniors 65 29th"]
[Site "Bucharest"]
[Date "2019.11.16"]
[Round "5"]
[White "Anguera Maestro, Jaime"]
[Black "Glodeanu, Ion"]
[Result "1/2-1/2"]
[WhiteElo "2024"]
[BlackElo "2149"]
[PlyCount "31"]
[EventDate "2019.11.12"]
[EventType "swiss"]
[EventRounds "11"]
[EventCountry "ROU"]
[SourceTitle "CBM 193 Extra"]
[Source "ChessBase"]
[SourceDate "2020.01.31"]
[SourceVersion "1"]
[SourceVersionDate "2020.01.31"]
[SourceQuality "1"]

1. e4 e5 2. Nf3 Nc6 3. Bb5 a6 4. Ba4 Nf6 5. d3 b5 6. Bb3 Be7 7. c3 0-0 8. 0-0 h6 9. Re1 Re8 10. d4 d6 11. h3 Bf8 12. Nbd2 Bb7 13. Bc2 g6 14. d5 Nb8 15. Nf1 c6 16. Ne3 1/2-1/2

[Event "ROM-chT "]
[Site "Mamaia"]
[Date "2015.10.06"]
[Round "4.5"]
[White "Glodeanu, Ion"]
[Black "Baratosi, Daniel"]
[Result "1/2-1/2"]
[WhiteElo "2157"]
[BlackElo "2394"]
[PlyCount "97"]
[EventDate "2015.10.03"]
[EventType "team-tourn"]
[EventRounds "9"]
[EventCountry "ROU"]
[SourceTitle "CBM 168 Extra"]
[Source "ChessBase"]
[SourceDate "2015.10.29"]
[SourceVersion "1"]
[SourceVersionDate "2015.10.29"]
[SourceQuality "1"]
[WhiteTeam "Moreni Petrom"]
[BlackTeam "Ploiesti CSU"]
[WhiteTeamCountry "ROU"]
[BlackTeamCountry "ROU"]

1. Nf3 Nf6 2. c4 g6 3. Nc3 Bg7 4. e4 d6 5. d4 0-0 6. Be2 Na6 7. 0-0 e5 8. Re1 c6 9. Bf1 exd4 10. Nxd4 Ng4 11. h3 Qb6 12. hxg4 Qxd4 13. Be3 Qxd1 14. Raxd1 Bxg4 15. f3 Be6 16. Rxd6 Rfe8 17. Rd2 b6 18. Kf2 Nc5 19. Bd4 Rad8 20. Red1 Bh6 21. Be3 Rxd2+ 22. Rxd2 Bg7 23. Nd1 h5 24. g3 Bf6 25. b3 h4 26. gxh4 Bxh4+ 27. Kg2 Bf6 28. Kg3 g5 29. Bh3 Be5+ 30. Kg2 Nxe4 31. fxe4 g4 32. Bxg4 Bxg4 33. Nf2 Bc8 34. Kf3 c5 35. Nd3 Bg7 36. Nf4 f5 37. exf5 Bxf5 38. Rd6 Kf7 39. Nd5 Be5 40. Rh6 Kg7 41. Rh1 Kf7 42. Ke2 Rg8 43. Rf1 Rg2+ 44. Rf2 Rxf2+ 45. Bxf2 Bb1 46. Kd2 Ke6 47. a4 Be4 48. Nc3 Bc6 49. Be3 1/2-1/2

[Event "ROM-chT "]
[Site "Mamaia"]
[Date "2015.10.05"]
[Round "3.1"]
[White "Glodeanu, Ion"]
[Black "Nevednichy, Vladislav"]
[Result "0-1"]
[WhiteElo "2157"]
[BlackElo "2557"]
[PlyCount "114"]
[EventDate "2015.10.03"]
[EventType "team-tourn"]
[EventRounds "9"]
[EventCountry "ROU"]
[SourceTitle "CBM 168 Extra"]
[Source "ChessBase"]
[SourceDate "2015.10.29"]
[SourceVersion "1"]
[SourceVersionDate "2015.10.29"]
[SourceQuality "1"]
[WhiteTeam "Moreni Petrom"]
[BlackTeam "Timisoara Luxten"]
[WhiteTeamCountry "ROU"]
[BlackTeamCountry "ROU"]

1. d4 g6 2. c4 Bg7 3. Nc3 c5 4. Nf3 cxd4 5. Nxd4 Nc6 6. Nb3 d6 7. e4 a5 8. a4 Nf6 9. Be2 0-0 10. 0-0 Be6 11. Be3 Ne5 12. Nd5 Ned7 13. f3 Rc8 14. Qe1 b6 15. Nd4 Nc5 16. b4 axb4 17. Qxb4 Nxd5 18. cxd5 Bd7 19. Bb5 Bxb5 20. axb5 Qd7 21. Ra3 Bxd4 22. Bxd4 Ra8 23. Rfa1 Rxa3 24. Rxa3 Rc8 25. Rc3 Ra8 26. Ra3 Rc8 27. Rc3 f6 28. Bxc5 Rxc5 29. Rxc5 dxc5 30. Qa4 Kf7 31. Qa8 Qxb5 32. Qh8 Qb1+ 33. Kf2 Qb2+ 34. Kf1 Qc1+ 35. Ke2 Qc2+ 36. Ke1 Qc1+ 37. Ke2 Qh6 38. h3 c4 39. Qc8 Qg5 40. g4 Qc1 41. Qh8 Qc2+ 42. Ke1 Qc3+ 43. Ke2 Qd3+ 44. Kf2 Qd2+ 45. Kf1 Qh6 46. Qc8 Qxh3+ 47. Kf2 Qh2+ 48. Kf1 Qg3 49. Ke2 b5 50. Qe6+ Kf8 51. Qc8+ Kg7 52. Qb7 Qg2+ 53. Ke1 Kf7 54. d6 Qg3+ 55. Ke2 Qxd6 56. Qxb5 Qd3+ 57. Kf2 Qd4+ 0-1

[Event "ROM-ch"]
[Site "Baile Olanesti"]
[Date "2013.02.21"]
[Round "8"]
[White "Andreescu, Darie Ioan"]
[Black "Glodeanu, Ion"]
[Result "1/2-1/2"]
[WhiteElo "1893"]
[BlackElo "2180"]
[PlyCount "63"]
[EventDate "2013.02.16"]
[EventType "swiss"]
[EventRounds "11"]
[EventCountry "ROU"]
[SourceTitle "CBM 153 Extra"]
[Source "ChessBase"]
[SourceDate "2013.04.22"]
[SourceVersion "1"]
[SourceVersionDate "2013.04.22"]
[SourceQuality "1"]

1. e4 e5 2. Nf3 Nc6 3. d4 exd4 4. Nxd4 Nf6 5. Nxc6 bxc6 6. e5 Qe7 7. Qe2 Nd5 8. c4 Nb6 9. Nc3 a5 10. Qe4 a4 11. Bd3 Ba6 12. Bd2 g6 13. 0-0 Bg7 14. f4 Bxc4 15. Bxc4 Qc5+ 16. Be3 Qxc4 17. Bxb6 Qxe4 18. Nxe4 cxb6 19. Rad1 d5 20. exd6 Kd7 21. f5 f6 22. fxg6 Rhf8 23. gxh7 f5 24. Ng3 f4 25. Nh5 Be5 26. h8Q Bxh8 27. Nxf4 Bxb2 28. Ng6 Rxf1+ 29. Kxf1 Rg8 30. Ne7 Rf8+ 31. Ke2 Ba3 32. g4 1/2-1/2

[Event "ROM-ch"]
[Site "Baile Olanesti"]
[Date "2013.02.18"]
[Round "4"]
[White "Baratosi, Daniel"]
[Black "Glodeanu, Ion"]
[Result "1/2-1/2"]
[WhiteElo "2424"]
[BlackElo "2180"]
[PlyCount "40"]
[EventDate "2013.02.16"]
[EventType "swiss"]
[EventRounds "11"]
[EventCountry "ROU"]
[SourceTitle "CBM 153 Extra"]
[Source "ChessBase"]
[SourceDate "2013.04.22"]
[SourceVersion "1"]
[SourceVersionDate "2013.04.22"]
[SourceQuality "1"]

1. e4 e5 2. Nf3 Nc6 3. d4 exd4 4. Bc4 Bc5 5. Ng5 Nh6 6. Nxf7 Nxf7 7. Bxf7+ Kxf7 8. Qh5+ g6 9. Qd5+ Kg7 10. Qxc5 d5 11. e5 Re8 12. 0-0 Rxe5 13. Bf4 Re4 14. Bg3 Bf5 15. Qb5 Re6 16. Na3 a6 17. Qxb7 Rb8 18. Qxa6 Rb6 19. Qa4 Rb4 20. Qa6 Rb6 1/2-1/2

[Event "ROM-ch"]
[Site "Baile Olanesti"]
[Date "2013.02.18"]
[Round "3"]
[White "Glodeanu, Ion"]
[Black "Vrencian, Lehel"]
[Result "1-0"]
[WhiteElo "2180"]
[BlackElo "1934"]
[PlyCount "95"]
[EventDate "2013.02.16"]
[EventType "swiss"]
[EventRounds "11"]
[EventCountry "ROU"]
[SourceTitle "CBM 153 Extra"]
[Source "ChessBase"]
[SourceDate "2013.04.22"]
[SourceVersion "1"]
[SourceVersionDate "2013.04.22"]
[SourceQuality "1"]

1. Nf3 f5 2. g3 Nf6 3. Bg2 g6 4. 0-0 Bg7 5. d4 0-0 6. c4 d6 7. Nc3 Nc6 8. b3 Ne4 9. Bb2 e5 10. dxe5 Nxc3 11. Bxc3 dxe5 12. Qd5+ Qxd5 13. cxd5 Nd4 14. Bxd4 exd4 15. Rad1 c5 16. dxc6 bxc6 17. Nxd4 Ba6 18. Bxc6 Rac8 19. Bd5+ Kh8 20. Bc4 Bxc4 21. bxc4 Rfe8 22. e3 Rxc4 23. Rd2 Bxd4 24. exd4 Kg7 25. d5 Rd8 26. Re1 Kf7 27. Re5 Rd6 28. Rde2 Rc7 29. f4 Rcd7 30. Rd2 Kf6 31. Kf2 h6 32. h3 h5 33. h4 Kf7 34. Ke3 Kf6 35. Rd3 Ra6 36. a3 Ra4 37. Rc3 Re7 38. Rc6+ Kf7 39. Rxe7+ Kxe7 40. Rxg6 Rxa3+ 41. Kd4 a5 42. Ke5 a4 43. Rg7+ Kf8 44. Kf6 Rb3 45. Ra7 Kg8 46. d6 Rb6 47. Ke7 Kg7 48. d7 1-0

[Event "Bucharest Romgaz op 2nd"]
[Site "Bucharest"]
[Date "2008.09.19"]
[Round "9"]
[White "Nuta, Dan"]
[Black "Glodeanu, Ion"]
[Result "1/2-1/2"]
[WhiteElo "2136"]
[BlackElo "2244"]
[PlyCount "32"]
[EventDate "2008.09.11"]
[EventType "swiss"]
[EventRounds "9"]
[EventCountry "ROU"]
[SourceTitle "CBM 126 Extra"]
[Source "ChessBase"]
[SourceDate "2008.11.05"]
[SourceVersion "1"]
[SourceVersionDate "2008.11.05"]
[SourceQuality "1"]

1. e4 e5 2. Nf3 Nc6 3. Nc3 Nf6 4. d4 exd4 5. Nxd4 Bb4 6. Nxc6 bxc6 7. Bd3 d5 8. exd5 cxd5 9. 0-0 0-0 10. Bg5 c6 11. Qf3 h6 12. Bxf6 Qxf6 13. Qxf6 gxf6 14. Ne2 Bd6 15. Nd4 c5 16. Nf5 Bxf5 1/2-1/2

[Event "Bucharest Revolution Memorial"]
[Site "Bucharest"]
[Date "2004.12.20"]
[Round "7"]
[White "Doncea, Vladimir"]
[Black "Glodeanu, Ion"]
[Result "1/2-1/2"]
[WhiteElo "2352"]
[BlackElo "2288"]
[PlyCount "85"]
[EventDate "2004.12.15"]
[EventType "swiss"]
[EventRounds "9"]
[EventCountry "ROU"]
[SourceTitle "CBM 104 Extra"]
[Source "ChessBase"]
[SourceDate "2005.03.01"]
[SourceVersion "1"]
[SourceVersionDate "2005.03.01"]
[SourceQuality "1"]

1. d4 d5 2. c4 e6 3. Nc3 c5 4. cxd5 exd5 5. dxc5 d4 6. Ne4 Nc6 7. Nf3 Bxc5 8. Nxc5 Qa5+ 9. Bd2 Qxc5 10. Rc1 Qb6 11. Qb3 Nf6 12. e3 Qxb3 13. axb3 dxe3 14. Bxe3 0-0 15. Bb5 Nd5 16. Bxc6 bxc6 17. Nd4 Re8 18. Kd2 Nb4 19. Rc4 Ba6 20. Rxb4 c5 21. Ra4 cxd4 22. Rxd4 Bb5 23. Rc1 Rac8 24. Rc3 a6 25. h4 Red8 26. Kc1 Rxd4 27. Bxd4 f6 28. g3 Rd8 29. Be3 Kf7 30. Kb1 Rd7 31. Ka2 h5 32. Ka3 Ke6 33. Kb4 Rd5 34. Rc7 g5 35. hxg5 fxg5 36. f3 Rf5 37. f4 gxf4 38. gxf4 Rf7 39. Rc5 Rf5 40. Rc7 Rd5 41. Rc5 Rxc5 42. Kxc5 Kf5 43. Kd4 1/2-1/2

[Event "Miercurea Ciuc-B 7th"]
[Site "Miercurea Ciuc"]
[Date "2004.08.24"]
[Round "5"]
[White "Bolog, Iulian"]
[Black "Glodeanu, Ion"]
[Result "0-1"]
[WhiteElo "1974"]
[BlackElo "2276"]
[PlyCount "66"]
[EventDate "2004.08.21"]
[EventType "tourn"]
[EventRounds "11"]
[EventCountry "ROU"]
[SourceTitle "CBM 101 Extra"]
[Source "ChessBase"]
[SourceDate "2004.09.01"]
[SourceVersion "2"]
[SourceVersionDate "2004.09.01"]
[SourceQuality "1"]

1. e4 e5 2. Nf3 Nc6 3. Bb5 a6 4. Ba4 Nf6 5. d4 exd4 6. 0-0 Be7 7. e5 Ne4 8. Bxc6 dxc6 9. Qxd4 Qxd4 10. Nxd4 0-0 11. Nd2 Nxd2 12. Bxd2 c5 13. Ne2 Bf5 14. c3 Rad8 15. Be3 Rd5 16. Ng3 Bd3 17. Rfd1 Rfd8 18. Rd2 Rxe5 19. Bf4 Red5 20. Bxc7 R8d7 21. Bf4 f5 22. Rad1 c4 23. Nf1 g5 24. Bb8 f4 25. h4 Rd8 26. Re1 Bc5 27. Re5 Rxe5 28. Bxe5 Re8 29. Bf6 Re1 30. hxg5 Rxf1+ 31. Kh2 Bxf2 32. b3 Bg3+ 33. Kh3 Bf5# 0-1

[Event "Bucharest Revolution Memorial"]
[Site "Bucharest"]
[Date "2003.12.??"]
[Round "?"]
[White "Sava, Ana Maria"]
[Black "Glodeanu, Ion"]
[Result "0-1"]
[WhiteElo "2048"]
[BlackElo "2254"]
[PlyCount "84"]
[EventDate "2003.12.??"]
[EventType "swiss"]
[EventRounds "7"]
[EventCountry "ROU"]
[SourceTitle "EXT 2008"]
[Source "ChessBase"]
[SourceDate "2007.11.25"]
[SourceVersion "1"]
[SourceVersionDate "2007.11.25"]
[SourceQuality "1"]

1. e4 e5 2. Nf3 Nc6 3. Bb5 a6 4. Ba4 Nf6 5. 0-0 Nxe4 6. Qe2 Nc5 7. Bxc6 dxc6 8. Qxe5+ Ne6 9. Nc3 Bd6 10. Qe4 0-0 11. d4 Re8 12. Qd3 Nf8 13. Be3 Bg4 14. Bg5 Qd7 15. Rae1 Ne6 16. Bd2 Bxf3 17. Qxf3 Nxd4 18. Qd3 c5 19. Be3 Qf5 20. Qxf5 Nxf5 21. h3 Nxe3 22. Rxe3 Rxe3 23. fxe3 Re8 24. Rf3 Be5 25. Ne4 b6 26. c3 Rd8 27. Kf2 Rd1 28. Ke2 Rb1 29. Kd3 Rxb2 30. Rf2 Rxf2 31. Nxf2 f5 32. e4 fxe4+ 33. Nxe4 Kf7 34. g4 Bf4 35. c4 Ke6 36. a4 Ke5 37. Nc3 c6 38. Ne4 h6 39. a5 bxa5 40. Nxc5 Bg5 41. Nxa6 Be7 42. Nb8 Kd6 0-1

[Event "Bucharest Autumn Cup"]
[Site "Bucharest"]
[Date "2002.10.04"]
[Round "10"]
[White "Musat, Adrian"]
[Black "Glodeanu, Ion"]
[Result "1/2-1/2"]
[WhiteElo "2414"]
[BlackElo "2266"]
[PlyCount "33"]
[EventDate "2002.09.25"]
[EventType "tourn"]
[EventRounds "11"]
[EventCountry "ROU"]
[EventCategory "2"]
[SourceTitle "CBM 090 Extra"]
[Source "ChessBase"]
[SourceDate "2002.11.07"]
[SourceVersion "1"]
[SourceVersionDate "2002.11.07"]
[SourceQuality "1"]

1. d4 d5 2. c4 e6 3. Nc3 c5 4. cxd5 exd5 5. Nf3 Nc6 6. g3 Nf6 7. Bg2 Be7 8. 0-0 0-0 9. Bg5 cxd4 10. Nxd4 h6 11. Be3 Be6 12. Rc1 Qd7 13. Nxc6 bxc6 14. Na4 Bh3 15. Bc5 Rfe8 16. Bxe7 Bxg2 17. Kxg2 1/2-1/2

[Event "Bucharest Autumn Cup"]
[Site "Bucharest"]
[Date "2002.09.27"]
[Round "3"]
[White "Raceanu, Valentin"]
[Black "Glodeanu, Ion"]
[Result "1/2-1/2"]
[WhiteElo "2339"]
[BlackElo "2266"]
[PlyCount "33"]
[EventDate "2002.09.25"]
[EventType "tourn"]
[EventRounds "11"]
[EventCountry "ROU"]
[EventCategory "2"]
[SourceTitle "CBM 090 Extra"]
[Source "ChessBase"]
[SourceDate "2002.11.07"]
[SourceVersion "1"]
[SourceVersionDate "2002.11.07"]
[SourceQuality "1"]

1. d4 d5 2. c4 e6 3. Nc3 c5 4. cxd5 exd5 5. Nf3 Nc6 6. g3 Nf6 7. Bg2 Be7 8. 0-0 0-0 9. Bg5 cxd4 10. Nxd4 h6 11. Be3 Be6 12. Qa4 Qd7 13. Nxe6 fxe6 14. Rad1 Rfd8 15. Bh3 Bf8 16. Bd4 Qf7 17. e4 1/2-1/2

[Event "Bucharest Autumn Cup"]
[Site "Bucharest"]
[Date "2002.09.26"]
[Round "2"]
[White "Glodeanu, Ion"]
[Black "Nita, Lucian"]
[Result "1/2-1/2"]
[WhiteElo "2266"]
[BlackElo "2265"]
[PlyCount "25"]
[EventDate "2002.09.25"]
[EventType "tourn"]
[EventRounds "11"]
[EventCountry "ROU"]
[EventCategory "2"]
[SourceTitle "CBM 090 Extra"]
[Source "ChessBase"]
[SourceDate "2002.11.07"]
[SourceVersion "1"]
[SourceVersionDate "2002.11.07"]
[SourceQuality "1"]

1. e4 c5 2. Nf3 e6 3. c3 d5 4. exd5 Qxd5 5. d4 Nc6 6. Bd3 Nf6 7. 0-0 Be7 8. c4 Qd7 9. dxc5 Bxc5 10. Nc3 b6 11. Be4 Nxe4 12. Nxe4 Be7 13. Bf4 1/2-1/2

[Event "Bucharest Strange Badger"]
[Site "Bucharest"]
[Date "2001.08.11"]
[Round "7"]
[White "Glodeanu, Ion"]
[Black "Manescu, Tiberiu"]
[Result "1/2-1/2"]
[WhiteElo "2275"]
[BlackElo "2113"]
[PlyCount "20"]
[EventDate "2001.08.05"]
[EventType "tourn"]
[EventRounds "11"]
[EventCountry "ROU"]
[EventCategory "3"]
[SourceTitle "CBM 083 Extra"]
[Source "ChessBase"]
[SourceDate "2001.09.11"]
[SourceVersion "1"]
[SourceVersionDate "2001.09.11"]
[SourceQuality "1"]

1. e4 c5 2. Nf3 Nc6 3. Bb5 g6 4. 0-0 Bg7 5. Re1 e5 6. Bxc6 dxc6 7. h3 f6 8. d3 Nh6 9. Nc3 Nf7 10. Be3 b6 1/2-1/2

[Event "Bucharest Strange Badger"]
[Site "Bucharest"]
[Date "2001.08.07"]
[Round "3"]
[White "Glodeanu, Ion"]
[Black "Manea, Alexandru"]
[Result "1/2-1/2"]
[WhiteElo "2275"]
[BlackElo "2293"]
[PlyCount "39"]
[EventDate "2001.08.05"]
[EventType "tourn"]
[EventRounds "11"]
[EventCountry "ROU"]
[EventCategory "3"]
[SourceTitle "CBM 083 Extra"]
[Source "ChessBase"]
[SourceDate "2001.09.11"]
[SourceVersion "1"]
[SourceVersionDate "2001.09.11"]
[SourceQuality "1"]

1. e4 c5 2. Nf3 e6 3. c3 Nf6 4. e5 Nd5 5. d4 cxd4 6. cxd4 d6 7. Nc3 Nc6 8. Bd3 dxe5 9. dxe5 Bb4 10. 0-0 Nxc3 11. bxc3 Bxc3 12. Rb1 Bxe5 13. Nxe5 Nxe5 14. Bb5+ Bd7 15. Bxd7+ Qxd7 16. Qxd7+ Nxd7 17. Rxb7 Nc5 18. Rc7 Na6 19. Rb7 0-0 20. Be3 1/2-1/2

[Event "Bucharest Strange Badger"]
[Site "Bucharest"]
[Date "2001.08.06"]
[Round "2"]
[White "Grigore, Nicolae Petre"]
[Black "Glodeanu, Ion"]
[Result "1/2-1/2"]
[WhiteElo "2407"]
[BlackElo "2275"]
[PlyCount "46"]
[EventDate "2001.08.05"]
[EventType "tourn"]
[EventRounds "11"]
[EventCountry "ROU"]
[EventCategory "3"]
[SourceTitle "CBM 083 Extra"]
[Source "ChessBase"]
[SourceDate "2001.09.11"]
[SourceVersion "1"]
[SourceVersionDate "2001.09.11"]
[SourceQuality "1"]

1. e4 e5 2. Nf3 Nc6 3. Bb5 a6 4. Ba4 Nf6 5. Qe2 b5 6. Bb3 d6 7. c3 Na5 8. Bc2 c5 9. d3 Be7 10. 0-0 0-0 11. Rd1 Nc6 12. Nbd2 h6 13. h3 Re8 14. Nf1 Bf8 15. N3h2 d5 16. Ng3 Be6 17. Nf5 Bxf5 18. exf5 e4 19. Ng4 exd3 20. Qxd3 Nxg4 21. hxg4 Qh4 22. Qh3 Qxh3 23. gxh3 Rad8 1/2-1/2